Physico mechanical testing of unvulcanised and vulcanised rubber (Record no. 19977)

MARC details
000 -LEADER
fixed length control field 00436nam a2200157Ia 4500
082 ## - DEWEY DECIMAL CLASSIFICATION NUMBER
Classification number 678.062/.063
Item number MOS
100 ## - MAIN ENTRY--AUTHOR NAME
Personal name Moseley, R J
245 #0 - TITLE STATEMENT
Title Physico mechanical testing of unvulcanised and vulcanised rubber
260 ## - PUBLICATION, DISTRIBUTION, ETC. (IMPRINT)
Place of publication London
Name of publisher Maclaren
Year of publication 1962
650 ## - SUBJECT ADDED ENTRY--TOPICAL TERM
Topical Term Ozone resistance
650 ## - SUBJECT ADDED ENTRY--TOPICAL TERM
Topical Term rubber fatigue
650 ## - SUBJECT ADDED ENTRY--TOPICAL TERM
Topical Term Tread rubber
650 ## - SUBJECT ADDED ENTRY--TOPICAL TERM
Topical Term Vucanised rubber
942 ## - ADDED ENTRY ELEMENTS (KOHA)
Koha item type Books
Holdings
Withdrawn status Lost status Damaged status Not for loan Home library Current library Date acquired Cost, normal purchase price Full call number Accession Number Koha item type
        RRII Library RRII Library 16/12/2021 45.00 678.062/.063 MOS 00705 Books